Mathematical methods in chemical engineering (Record no. 25039)

000 -LEADER
fixed length control field 00548nam a22002051 4500
001 - CONTROL NUMBER
control field 25039
003 - CONTROL NUMBER IDENTIFIER
control field BD-DhUET
008 - FIXED-LENGTH DATA ELEMENTS--GENERAL INFORMATION
fixed length control field 730313s1963 xx 000 0 eng
040 ## - CATALOGING SOURCE
Original cataloging agency DLC
Transcribing agency OClU
Modifying agency BD-DhUET
082 ## - DEWEY DECIMAL CLASSIFICATION NUMBER
Classification number 660.28
Item number JEN/1963
100 ## - MAIN ENTRY--PERSONAL NAME
Personal name Jenson, V. G.
245 10 - TITLE STATEMENT
Title Mathematical methods in chemical engineering
250 ## - EDITION STATEMENT
Edition statement 1st ed.
260 ## - PUBLICATION, DISTRIBUTION, ETC. (IMPRINT)
Place of publication, distribution, etc. London
Name of publisher, distributor, etc. Academic Press
Date of publication, distribution, etc. 1963
300 ## - PHYSICAL DESCRIPTION
Extent xi, 556 p.
Other physical details illus.
Dimensions 24cm.
504 ## - BIBLIOGRAPHY, ETC. NOTE
Bibliography, etc Includes bibliographies
650 #0 - SUBJECT ADDED ENTRY--TOPICAL TERM
Topical term or geographic name as entry element Chemical engineering
700 ## - ADDED ENTRY--PERSONAL NAME
Personal name Jeffreys, G. V.
942 ## - ADDED ENTRY ELEMENTS (KOHA)
Koha item type General Book
Holdings
Shelving location Location (home branch) Damaged status Koha item type Copy number Not for loan Koha date last seen Withdrawn status Source of classification or shelving scheme Lost status Piece designation (barcode) Koha full call number Koha normalized classification for sorting Sublocation or collection (holding branch) Price effective from Date acquired
Circulation sectionCentral Library, BUET General Book1 2015-05-12   22438660.28/JEN/1963660_280000000000000_JEN_1963Central Library, BUET2015-05-122015-05-12
Circulation sectionCentral Library, BUET General Book2 2015-05-12   22440660.28/JEN/1963660_280000000000000_JEN_1963Central Library, BUET2015-05-122015-05-12
Circulation sectionCentral Library, BUET General Book3 2015-05-12   22434660.28/JEN/1963660_280000000000000_JEN_1963Central Library, BUET2015-05-122015-05-12
Circulation sectionCentral Library, BUET General Book4 2015-05-18   22432660.28/JEN/1963660_280000000000000_JEN_1963Central Library, BUET2015-05-182015-05-18
Circulation sectionCentral Library, BUET General Book5 2015-05-18   22435660.28/JEN/1963660_280000000000000_JEN_1963Central Library, BUET2015-05-182015-05-18
Circulation sectionCentral Library, BUET General Book6 2015-05-18   29450660.28/JEN/1963660_280000000000000_JEN_1963Central Library, BUET2015-05-182015-05-18
Circulation sectionCentral Library, BUET General Book7 2015-05-18   29449660.28/JEN/1963660_280000000000000_JEN_1963Central Library, BUET2015-05-182015-05-18
Circulation sectionCentral Library, BUET General Book8 2015-05-18   29448660.28/JEN/1963660_280000000000000_JEN_1963Central Library, BUET2015-05-182015-05-18
Circulation sectionCentral Library, BUET General Book9 2015-05-18   29457660.28/JEN/1963660_280000000000000_JEN_1963Central Library, BUET2015-05-182015-05-18
Circulation sectionCentral Library, BUET General Book10 2015-05-18   29454660.28/JEN/1963660_280000000000000_JEN_1963Central Library, BUET2015-05-182015-05-18
Circulation sectionCentral Library, BUET General Book11 2015-05-18   29453660.28/JEN/1963660_280000000000000_JEN_1963Central Library, BUET2015-05-182015-05-18
Circulation sectionCentral Library, BUET General Book12 2015-05-18   29451660.28/JEN/1963660_280000000000000_JEN_1963Central Library, BUET2015-05-182015-05-18
Circulation sectionCentral Library, BUET General Book13 2015-05-18   22431660.28/JEN/1963660_280000000000000_JEN_1963Central Library, BUET2015-05-182015-05-18
Circulation sectionCentral Library, BUET General Book14 2015-05-18   29452660.28/JEN/1963660_280000000000000_JEN_1963Central Library, BUET2015-05-182015-05-18
Circulation sectionCentral Library, BUET General Book15 2015-05-18   22436660.28/JEN/1963660_280000000000000_JEN_1963Central Library, BUET2015-05-182015-05-18
Reading sectionCentral Library, BUET Reading Item16 2015-06-17   29456660.28/JEN/1963660_280000000000000_JEN_1963Central Library, BUET2015-06-172015-06-17
Reading sectionCentral Library, BUET Reading Item17 2015-06-18   29455.660.28/JEN/1963660_280000000000000_JEN_1963Central Library, BUET2015-06-182015-06-18
Reading sectionCentral Library, BUET Reading Item18 2015-07-10   22439660.28/JEN/1963660_280000000000000_JEN_1963Central Library, BUET2015-07-102015-07-10